[Event "Russian Championship B15 1st league 2016"]
[Site "Loo"]
[Date "2016.04.27"]
[Round "8.32"]
[White "Martyntsev, Roman"]
[Black "Pochtarenko, Dmitrii"]
[Result "1-0"]
[WhiteElo "1768"]
[BlackElo "1647"]
[PlyCount "55"]
[EventDate "2016.04.20"]

1. e4 c5 2. Nf3 d6 3. d4 cxd4 4. Nxd4 Nf6 5. Nc3 a6 6. Bg5 e6 7. Qd2 Be7 8. f3
O-O 9. O-O-O Qc7 10. g4 b5 11. h4 Bb7 12. Be3 d5 13. g5 b4 14. Nce2 Nfd7 15.
exd5 Bxd5 16. Kb1 Nc6 17. Nf4 Bxa2+ 18. Kxa2 b3+ 19. Nxb3 Nb4+ 20. Kb1 a5 21.
c3 a4 22. Qxd7 Qe5 23. Qd4 Qc7 24. Nh5 f6 25. Bc4 a3 26. cxb4 axb2 27. Kxb2 Kh8
28. gxf6 1-0

[Event "Russian Championship B15 1st league 2016"]
[Site "Loo"]
[Date "2016.04.27"]
[Round "8.33"]
[White "Prishibilovich, Matvei"]
[Black "Fominov, Andrei"]
[Result "1-0"]
[WhiteElo "1629"]
[BlackElo "1730"]
[PlyCount "59"]
[EventDate "2016.04.20"]

1. d4 Nf6 2. c4 e6 3. Nc3 Bb4 4. Bd2 O-O 5. a3 Bxc3 6. Bxc3 Ne4 7. Rc1 Nxc3 8.
Rxc3 b6 9. Nf3 Bb7 10. g3 d6 11. Bg2 Nd7 12. O-O Nf6 13. Qc2 Be4 14. Qa4 Rc8
15. c5 dxc5 16. dxc5 a5 17. Rfc1 c6 18. cxb6 Qxb6 19. Ne5 Bxg2 20. Kxg2 Qxb2
21. Nxc6 Nd5 22. R3c2 Qb7 23. e4 Nb6 24. Qxa5 Ra8 25. Qb4 Kh8 26. Rb2 Qa6 27.
Qxb6 Qxa3 28. Qb4 Qd3 29. Ra1 Rac8 30. Rd2 1-0

[Event "Russian Championship B15 1st league 2016"]
[Site "Loo"]
[Date "2016.04.27"]
[Round "8.34"]
[White "Fomichev, Ilya"]
[Black "Greshtakyan, Ashot"]
[Result "1-0"]
[WhiteElo "1723"]
[BlackElo "1489"]
[PlyCount "143"]
[EventDate "2016.04.20"]

1. e4 c6 2. d4 d5 3. Nc3 h6 4. Nf3 Bg4 5. Be3 e6 6. Be2 Bb4 7. Nd2 Bxe2 8. Qxe2
Nd7 9. O-O Ne7 10. Nd1 Nf6 11. c3 Ba5 12. e5 Nh7 13. f4 Nf5 14. Nf3 g5 15. g4
gxf4 16. gxf5 Rg8+ 17. Kh1 fxe3 18. Qxe3 Qd7 19. Qxh6 Nf8 20. b4 Bc7 21. f6
O-O-O 22. Nf2 Ng6 23. Qd2 Rh8 24. Rg1 Rh7 25. Rg2 Rdh8 26. Rag1 Bd8 27. Nd3 Qc7
28. Nf4 Nh4 29. Nxh4 Rxh4 30. h3 Bxf6 31. Rg8+ Bd8 32. Rxh8 Rxh8 33. Qd3 Qe7
34. Rg4 Qf8 35. Qf1 Qh6 36. Kh2 Qh7 37. Qd3 Qh6 38. Qf1 Bg5 39. Qf3 Bd8 40. Qf1
Bg5 41. Qf3 f5 42. exf6 Qxf6 43. Qe3 Re8 44. Qe5 Qxe5 45. dxe5 Bd8 46. h4 Bc7
47. Rg5 Kd7 48. h5 Bd8 49. Rg7+ Re7 50. h6 Bc7 51. Rxe7+ Kxe7 52. Ng6+ Kf7 53.
h7 Bxe5+ 54. Nxe5+ Kg7 55. Kg3 Kxh7 56. Kf4 Kg7 57. Nd3 Kf7 58. Ke5 b6 59. Nf4
c5 60. bxc5 bxc5 61. Nxe6 d4 62. cxd4 cxd4 63. Nxd4 Ke8 64. Ke6 Kd8 65. Nc6+
Kc8 66. Nxa7+ Kb8 67. Nc6+ Kb7 68. Kd6 Kb6 69. a4 Kb7 70. Kc5 Ka6 71. a5 Kb7
72. Kb5 1-0

[Event "Russian Championship B15 1st league 2016"]
[Site "Loo"]
[Date "2016.04.27"]
[Round "8.35"]
[White "Anikiev, Yan"]
[Black "Yangutov, Aleksey"]
[Result "0-1"]
[WhiteElo "1628"]
[BlackElo "1723"]
[PlyCount "108"]
[EventDate "2016.04.20"]

1. e4 c5 2. Nf3 e6 3. c4 a6 4. Nc3 d6 5. d4 cxd4 6. Nxd4 Nf6 7. Be2 Be7 8. O-O
O-O 9. Be3 Nbd7 10. Rc1 Qc7 11. f4 b6 12. f5 e5 13. Nb3 Bb7 14. Qc2 Nc5 15.
Nxc5 dxc5 16. Bg5 h6 17. Bxf6 Bxf6 18. Rcd1 Bg5 19. Rf3 Rfd8 20. Nd5 Bxd5 21.
cxd5 b5 22. a4 Qb6 23. Kf1 Rac8 24. axb5 axb5 25. b3 Rc7 26. Rc3 Be7 27. Ra1
Rdc8 28. Rb1 Qa6 29. Rc1 Bg5 30. Rd1 Be7 31. Rc1 Qb6 32. Qd3 Rb8 33. g3 Ra7 34.
Rd1 Bd6 35. Rcc1 Ra3 36. Qc2 Rba8 37. Rb1 c4 38. bxc4 b4 39. Rb3 Rxb3 40. Qxb3
Ra3 41. Qb2 Qe3 42. Qd2 Qxe4 43. Bd3 Qf3+ 44. Ke1 Bc5 45. Qe2 Qh1+ 46. Kd2 Bg1
47. Qf1 Qxh2+ 48. Be2 Qxg3 49. Rb1 Qc3+ 50. Kd1 Be3 51. Qe1 Qd4+ 52. Kc2 b3+
53. Rxb3 Ra2+ 54. Kb1 Qa1# 0-1

[Event "Russian Championship B15 1st league 2016"]
[Site "Loo"]
[Date "2016.04.27"]
[Round "8.36"]
[White "Shilov, Victor"]
[Black "Kumakov, Ivan"]
[Result "1/2-1/2"]
[WhiteElo "1485"]
[BlackElo "1697"]
[PlyCount "80"]
[EventDate "2016.04.20"]

1. e4 c6 2. c4 d5 3. exd5 cxd5 4. cxd5 Qxd5 5. Nc3 Qd8 6. d4 e6 7. Bc4 Nc6 8.
Nf3 Bb4 9. O-O Nge7 10. Re1 O-O 11. a3 Bxc3 12. bxc3 Qc7 13. Bd3 b6 14. Qc2 h6
15. Bb2 Bb7 16. c4 Rac8 17. Rac1 Na5 18. Red1 Bxf3 19. gxf3 Qf4 20. Qe2 Nf5 21.
Qe4 Qd6 22. d5 g6 23. Qg4 Nb3 24. Rb1 Nc5 25. Bxf5 exf5 26. Qd4 f6 27. Re1 Kf7
28. Bc3 Rfe8 29. Bb4 Re5 30. f4 Rxe1+ 31. Rxe1 Rc7 32. Qd2 Re7 33. Rxe7+ Kxe7
34. Qe3+ Kf7 35. Bxc5 bxc5 36. f3 Qb6 37. Kg2 Qb2+ 38. Kg3 Qb6 39. Kg2 Qb2+ 40.
Kg3 Qb6 1/2-1/2

[Event "Russian Championship B15 1st league 2016"]
[Site "Loo"]
[Date "2016.04.27"]
[Round "8.37"]
[White "Pynko, Alexander"]
[Black "Sadovnikov, Konstantin"]
[Result "1-0"]
[WhiteElo "1615"]
[BlackElo "1695"]
[PlyCount "152"]
[EventDate "2016.04.20"]

1. e4 c5 2. c3 e6 3. d4 d5 4. e5 Nc6 5. Nf3 Bd7 6. Be3 cxd4 7. cxd4 Be7 8. Nc3
Nh6 9. Bd3 Rc8 10. O-O Na5 11. Nd2 a6 12. Rc1 Qb6 13. b3 Qb4 14. Ne2 Nc6 15.
Nf3 Qa3 16. Rc2 Nb4 17. Rxc8+ Bxc8 18. Qc1 Qxc1 19. Rxc1 Kd8 20. Bb1 Nc6 21.
Ng5 f6 22. exf6 Bxf6 23. Nxh7 Nf7 24. Nxf6 gxf6 25. a3 Nd6 26. Bd3 Na5 27. Rc3
Bd7 28. g3 Bb5 29. Nf4 Kd7 30. h4 Bxd3 31. Rxd3 Nf5 32. h5 Nc6 33. Kg2 Rg8 34.
Kh3 Nce7 35. g4 Nd6 36. f3 Nb5 37. Bc1 Rc8 38. a4 Nxd4 39. Bb2 Ndc6 40. Bxf6
Rf8 41. g5 Ng8 42. Ng6 Rf7 43. Be5 Nge7 44. Bc3 Rf5 45. Kh4 Nxg6+ 46. hxg6 Ke7
47. Kh5 Kf8 48. Bf6 Ne5 49. Bxe5 Rxe5 50. Kh6 Re1 51. g7+ Kf7 52. g6+ Kg8 53.
Rc3 Rh1+ 54. Kg5 Kxg7 55. Rc7+ Kf8 56. Kf6 Ke8 57. Re7+ Kd8 58. g7 Rh6+ 59. Kf7
Rh7 60. Kxe6 Rh6+ 61. Kf7 Rh7 62. Re5 Kc7 63. Rxd5 Kc6 64. Rg5 Kd6 65. Kf8 Rxg7
66. Kxg7 Kc6 67. Kf6 b5 68. axb5+ axb5 69. b4 Kb6 70. Ke5 Kc6 71. Rg6+ Kb7 72.
Kd5 Kc7 73. f4 Kd7 74. Rg7+ Kc8 75. Ke6 Kd8 76. Ra7 Kc8 1-0

[Event "Russian Championship B15 1st league 2016"]
[Site "Loo"]
[Date "2016.04.27"]
[Round "8.38"]
[White "Rudikov, Dmitry"]
[Black "Shilo, Kirill"]
[Result "1-0"]
[WhiteElo "1678"]
[BlackElo "1586"]
[PlyCount "139"]
[EventDate "2016.04.20"]

1. d4 d6 2. c4 e5 3. d5 f5 4. Nc3 Nf6 5. Bg5 Be7 6. Nf3 O-O 7. e3 Nbd7 8. Be2
Nc5 9. O-O Nfe4 10. Nxe4 fxe4 11. Bxe7 Qxe7 12. Nd2 Qg5 13. Re1 Bh3 14. Bf1 Qg6
15. g3 Bxf1 16. Rxf1 Nd3 17. Qc2 Rf6 18. Rad1 Nb4 19. Qxe4 Nxa2 20. Ra1 Nb4 21.
Ra4 Na6 22. Rfa1 Qf7 23. Qg2 Rf8 24. Ne4 Rg6 25. b4 c6 26. dxc6 Qxc4 27. cxb7
d5 28. Nc5 Nxc5 29. bxc5 Qxc5 30. Rxa7 Rb6 31. Rd1 e4 32. Qf1 Rb2 33. Ra8 Rxb7
34. Rxf8+ Kxf8 35. Rc1 Qd6 36. Qh3 Rc7 37. Ra1 Qf6 38. Ra8+ Ke7 39. Qh5 Qf7 40.
Qg5+ Kd7 41. Qd8+ Kc6 42. Ra5 Qd7 43. Qa8+ Rb7 44. Ra1 Kd6 45. Qf8+ Qe7 46.
Ra6+ Kc5 47. Qf5 Qd7 48. Qe5 Rb4 49. Qc3+ Kb5 50. Ra8 Qb7 51. Qa3 Qb6 52. Kg2
Rc4 53. Qb3+ Rb4 54. Qxd5+ Qc5 55. Rb8+ Ka4 56. Qxc5 Rxb8 57. Qa7+ Kb3 58.
Qxb8+ Kc4 59. Qd6 g5 60. Qd4+ Kb5 61. Qxe4 Kb6 62. Qc4 h5 63. Kf3 g4+ 64. Ke4
h4 65. gxh4 Kb7 66. Kd5 g3 67. hxg3 Ka8 68. Qb5 Ka7 69. Kc6 Ka8 70. Qb7# 1-0

[Event "Russian Championship B15 1st league 2016"]
[Site "Loo"]
[Date "2016.04.27"]
[Round "8.39"]
[White "Morgachev, Sergey"]
[Black "Klimashkin, Igor"]
[Result "1-0"]
[WhiteElo "1721"]
[BlackElo "1584"]
[PlyCount "79"]
[EventDate "2016.04.20"]

1. d4 d5 2. c4 e6 3. Nc3 Nf6 4. cxd5 exd5 5. Bg5 Be7 6. e3 c6 7. Bd3 h6 8. Bh4
Be6 9. Nf3 Nbd7 10. h3 Nh5 11. Bxe7 Qxe7 12. Qc2 O-O 13. g4 Nhf6 14. O-O-O Ne8
15. Rhg1 g6 16. Nh2 c5 17. f4 c4 18. Be2 f5 19. Qd2 Nc7 20. gxf5 Bxf5 21. Ng4
Kh7 22. Bf3 Nb6 23. Ne5 Rg8 24. Qh2 a5 25. h4 h5 26. Rg5 Qe6 27. Rdg1 Rg7 28.
Bxh5 Rag8 29. Bf3 Rf8 30. h5 Rf6 31. hxg6+ Kg8 32. e4 dxe4 33. Nxe4 Bxe4 34.
Bxe4 Nb5 35. Nf7 Rgxf7 36. gxf7+ Kxf7 37. Qh7+ Ke8 38. Rg8+ Rf8 39. Bg6+ Kd8
40. Rxf8+ 1-0

[Event "Russian Championship B15 1st league 2016"]
[Site "Loo"]
[Date "2016.04.27"]
[Round "8.40"]
[White "Karamov, Stepan"]
[Black "Foshenko, Kirill"]
[Result "0-1"]
[WhiteElo "1707"]
[BlackElo "1620"]
[PlyCount "120"]
[EventDate "2016.04.20"]

1. d4 Nf6 2. c4 c5 3. d5 b5 4. a4 bxc4 5. Nc3 d6 6. e4 g6 7. Bxc4 Bg7 8. f4
Nfd7 9. Nf3 O-O 10. O-O Ba6 11. Qe2 Bxc4 12. Qxc4 a5 13. Be3 Na6 14. Rad1 Qb8
15. Bc1 Qb4 16. Qe2 Rfb8 17. e5 Nb6 18. Qc2 Nc4 19. Rf2 dxe5 20. f5 Nd6 21.
fxg6 hxg6 22. Ng5 Nc7 23. Rdf1 Rf8 24. Bd2 Qb7 25. Qd3 Qc8 26. Be3 c4 27. Qe2
f6 28. Nf3 Nf5 29. Bc5 Na6 30. Ba3 Nb4 31. g4 Nh6 32. Rg2 Nxg4 33. h3 Qc5+ 34.
Kh1 Ne3 35. Ne4 Qa7 36. Rxg6 Nxf1 37. Qg2 Rf7 38. Nh4 Ne3 39. Qg3 Qd4 40. Nf2
Qxd5+ 41. Kg1 Qd2 42. Bxb4 Qc1+ 43. Nd1 Qxd1+ 44. Be1 Qd4 45. Bf2 Qd1+ 46. Be1
Nc2 47. Nf5 Qxe1+ 48. Kg2 Qxg3+ 49. Rxg3 Kf8 50. Rg4 e6 51. Nd6 Ne3+ 52. Kg3
Nxg4 53. Nxf7 Kxf7 54. hxg4 Rb8 55. g5 Rxb2 56. g6+ Kxg6 57. Kf3 c3 58. Ke3 c2
59. Kd2 Bh6+ 60. Kd3 c1=Q 0-1

[Event "Russian Championship B15 1st league 2016"]
[Site "Loo"]
[Date "2016.04.27"]
[Round "8.41"]
[White "Seleznev, Iliya"]
[Black "Ardasenov, Soslan"]
[Result "0-1"]
[WhiteElo "1632"]
[BlackElo "1690"]
[PlyCount "102"]
[EventDate "2016.04.20"]

1. e4 Nf6 2. e5 Nd5 3. c4 Nb6 4. Nc3 d6 5. exd6 cxd6 6. d4 g6 7. b3 Bg7 8. Be3
O-O 9. Be2 a5 10. Nf3 a4 11. b4 Be6 12. Nd2 Nc6 13. Nb5 Nxb4 14. Rb1 Na6 15.
Bf3 Rb8 16. d5 Bf5 17. Be4 Bxe4 18. Nxe4 Nxc4 19. Bd4 Qa5+ 20. Ke2 Bxd4 21.
Qxd4 Ne5 22. f4 Nd7 23. f5 Rfc8 24. Nbc3 Nac5 25. fxg6 hxg6 26. Ng5 Nf6 27.
Rhf1 Ncd7 28. Rfc1 Ne5 29. Nce4 Rxc1 30. Rxc1 Nxd5 31. Rf1 Qb5+ 32. Ke1 Qb1+
33. Ke2 Qxa2+ 34. Nd2 Rc8 35. Qh4 Nf6 36. Rxf6 exf6 37. Qh7+ Kf8 38. Qh8+ Ke7
39. Qxc8 fxg5 40. Qxb7+ Kf6 41. Qa6 Ke6 42. Qc8+ Ke7 43. Qb7+ Nd7 44. Qc6 a3
45. Qc3 Qe6+ 46. Kd1 a2 47. Kc2 Nc5 48. Qa3 Qf5+ 49. Kb2 Qf2 50. Qa7+ Kf6 51.
Qa5 Ne4 0-1

[Event "Russian Championship B15 1st league 2016"]
[Site "Loo"]
[Date "2016.04.27"]
[Round "8.42"]
[White "Kulakov, Ilya"]
[Black "Gorbunov, Semen"]
[Result "1/2-1/2"]
[WhiteElo "1599"]
[BlackElo "1675"]
[PlyCount "81"]
[EventDate "2016.04.20"]

1. d4 d5 2. c4 e6 3. Nf3 Nf6 4. Nc3 Be7 5. Bg5 c6 6. cxd5 exd5 7. e3 Bf5 8. Qb3
Qc7 9. Bf4 Qc8 10. h3 Nbd7 11. Be2 O-O 12. g4 Bg6 13. Nh4 Ne8 14. Nxg6 fxg6 15.
O-O-O Bd6 16. Bxd6 Nxd6 17. Rdf1 Kh8 18. h4 Nf6 19. Rhg1 Qd7 20. Qc2 Rae8 21.
g5 Nfe4 22. Bg4 Qe7 23. Nxe4 Nxe4 24. f3 Nd6 25. Re1 Nf5 26. Bxf5 gxf5 27. Qc5
Qxc5+ 28. dxc5 Re6 29. Kd2 Rfe8 30. h5 g6 31. h6 Kg8 32. Rgf1 Kf7 33. b3 b6 34.
cxb6 axb6 35. a4 c5 36. Kd3 R8e7 37. Re2 Ke8 38. Rfe1 Kd7 39. Rf1 Kd6 40. Rfe1
Re5 41. Rg1 1/2-1/2

[Event "Russian Championship B15 1st league 2016"]
[Site "Loo"]
[Date "2016.04.27"]
[Round "8.43"]
[White "Tsopanov, Mikhail"]
[Black "Stepanenko, Kirill"]
[Result "1/2-1/2"]
[WhiteElo "1572"]
[BlackElo "1670"]
[PlyCount "81"]
[EventDate "2016.04.20"]

1. c4 Nf6 2. d4 e6 3. Nc3 Bb4 4. Bg5 Bxc3+ 5. bxc3 d6 6. Nf3 O-O 7. e3 b6 8.
Be2 Nc6 9. O-O Na5 10. Qc2 Ba6 11. Nd2 h6 12. Bh4 d5 13. Qa4 Qd7 14. Qb4 Rac8
15. Bxf6 gxf6 16. Rfe1 c5 17. dxc5 Rxc5 18. Rad1 Qc8 19. cxd5 Bxe2 20. Rxe2
Rxd5 21. Rc1 Kg7 22. c4 Rc5 23. Ree1 Qc7 24. Rc2 Rc8 25. Rec1 Nc6 26. Qb3 Na5
27. Qb4 b5 28. Nb3 Nxb3 29. axb3 bxc4 30. Rxc4 Rxc4 31. Rxc4 Qb8 32. g3 Qxb4
33. Rxb4 Rc1+ 34. Kg2 Rb1 35. Ra4 Rxb3 36. Rxa7 Rb2 37. Ra4 f5 38. Rc4 Ra2 39.
Rb4 Rc2 40. Ra4 Rb2 41. Rc4 1/2-1/2

[Event "Russian Championship B15 1st league 2016"]
[Site "Loo"]
[Date "2016.04.27"]
[Round "8.46"]
[White "Grigoriants, Boris"]
[Black "Vashchenko, Lev"]
[Result "0-1"]
[WhiteElo "1801"]
[BlackElo "1469"]
[PlyCount "72"]
[EventDate "2016.04.20"]

1. e4 e6 2. Nf3 d5 3. Nc3 Nf6 4. e5 Nfd7 5. d4 c5 6. dxc5 Nxc5 7. Bd3 Nc6 8.
O-O Be7 9. Bf4 O-O 10. a3 f6 11. Qd2 fxe5 12. Nxe5 Nxe5 13. Bxe5 Nxd3 14. Qxd3
Bd7 15. Rad1 Bf6 16. Qd4 Re8 17. Rfe1 Bc6 18. Ne2 a6 19. Nf4 Kf7 20. Re3 Bxe5
21. Rxe5 Rc8 22. c3 Bd7 23. g3 Rc4 24. Qd3 Kg8 25. Rh5 h6 26. Qg6 Qf6 27. Qxf6
gxf6 28. Rxh6 Kg7 29. Rh4 Ba4 30. Re1 Re4 31. Rxe4 dxe4 32. Nh5+ Kg6 33. Rxe4
Bc6 34. Nf4+ Kf5 35. Re3 Rd8 36. Nxe6 Rd1+ 0-1

[Event "Russian Championship B15 1st league 2016"]
[Site "Loo"]
[Date "2016.04.27"]
[Round "8.47"]
[White "Ovcharenko, Iliya"]
[Black "Kisarov, Timur"]
[Result "1/2-1/2"]
[WhiteElo "1393"]
[BlackElo "1697"]
[PlyCount "106"]
[EventDate "2016.04.20"]

1. e4 e5 2. Nf3 Nc6 3. d4 exd4 4. Nxd4 Bc5 5. Nf5 Qf6 6. Nc3 Nge7 7. Ne3 d6 8.
Be2 O-O 9. O-O Be6 10. Kh1 Nd4 11. f4 Bd7 12. f5 Nec6 13. Ned5 Qd8 14. f6 g6
15. Qd2 Kh8 16. Qh6 Rg8 17. Bg5 Qf8 18. Qh4 Nxe2 19. Nxe2 h5 20. Nef4 Kh7 21.
Ne7 Be3 22. Nxg8 Kxg8 23. Qg3 Bxf4 24. Qxf4 Kh7 25. Rad1 Nd8 26. e5 Ne6 27. Qg3
Nxg5 28. Qxg5 Bg4 29. Rd3 Be2 30. Rfd1 Bxd3 31. Rxd3 Re8 32. h3 dxe5 33. Rd7 e4
34. Re7 Kg8 35. Qe5 Rxe7 36. fxe7 Qe8 37. Qxc7 f6 38. Qc4+ Kg7 39. Qxe4 Kf7 40.
Qxb7 a5 41. Qd5+ Kg7 42. Qd8 Qb5 43. e8=N+ Kh6 44. Qd2+ g5 45. Nd6 Qxb2 46. Nc4
Qxa2 47. Nxa5 Qa1+ 48. Kh2 Qe5+ 49. Kg1 Qc5+ 50. Kf1 Qf5+ 51. Ke1 Qe5+ 52. Kd1
Qa1+ 53. Ke2 Qe5+ 1/2-1/2

[Event "Russian Championship B15 1st league 2016"]
[Site "Loo"]
[Date "2016.04.27"]
[Round "8.48"]
[White "Shirinkin, Pavel"]
[Black "Dolgirev, Lev"]
[Result "1-0"]
[WhiteElo "1676"]
[BlackElo "1448"]
[PlyCount "155"]
[EventDate "2016.04.20"]

1. d4 d5 2. c4 e6 3. g3 Nf6 4. Bg2 Be7 5. Nf3 O-O 6. O-O Nbd7 7. Nc3 Re8 8. b3
c6 9. Bb2 Bd6 10. Re1 dxc4 11. bxc4 e5 12. e4 exd4 13. Nxd4 Ne5 14. Qb3 Bc5 15.
Nce2 Qb6 16. Rad1 Be6 17. Qxb6 axb6 18. Nxe6 Rxe6 19. Nf4 Ree8 20. Bxe5 Rxe5
21. Nd3 Re7 22. Nxc5 bxc5 23. Rd2 Rae8 24. f3 Nd7 25. f4 Nb6 26. Rc1 f6 27. Rb2
Na4 28. Rd2 Rc7 29. Rd6 Ra8 30. e5 f5 31. Bh3 g6 32. g4 Rf8 33. gxf5 gxf5 34.
Kf2 Nb6 35. Bf1 Nc8 36. Rd2 Ne7 37. Rcd1 Kf7 38. Kf3 Ra8 39. h4 Ra3+ 40. Rd3
Rxa2 41. Rd6 Ra3+ 42. Kf2 Ra2+ 43. Kg1 Ra7 44. Rf6+ Kg7 45. h5 Ra8 46. Rd2 Rb8
47. Kh2 Kh8 48. h6 Ng8 49. Rxf5 Nxh6 50. Rh5 Ng4+ 51. Kh3 Ne3 52. Be2 Rf8 53.
Kg3 Nf5+ 54. Kf3 Nd4+ 55. Ke4 Rcf7 56. Rh4 Ne6 57. Rd6 Rxf4+ 58. Rxf4 Nxf4 59.
Bg4 Ng6 60. Bf5 Ne7 61. Bh3 Ng6 62. Rd7 b5 63. cxb5 cxb5 64. Rb7 b4 65. Be6 Re8
66. Kf5 Rf8+ 67. Ke4 Re8 68. Kf5 Rf8+ 69. Ke4 Rd8 70. Bd5 Rc8 71. Bc4 Re8 72.
e6 Ne7 73. Rc7 Nc8 74. Ke5 Nb6 75. Bb5 Nc8 76. Bxe8 Ne7 77. Rxe7 c4 78. Ba4 1-0

[Event "Russian Championship B15 1st league 2016"]
[Site "Loo"]
[Date "2016.04.27"]
[Round "8.49"]
[White "Ananjev, Ilija"]
[Black "Pontis, Stanislav"]
[Result "1-0"]
[WhiteElo "1624"]
[BlackElo "1377"]
[PlyCount "71"]
[EventDate "2016.04.20"]

1. d4 d6 2. c4 e5 3. dxe5 dxe5 4. Qxd8+ Kxd8 5. Nc3 c6 6. Nf3 f6 7. e4 Be6 8.
Be3 Nd7 9. Be2 h5 10. Nh4 Ne7 11. h3 g5 12. Nf3 Ng6 13. g3 Kc7 14. O-O-O a5 15.
h4 g4 16. Nd2 Bh6 17. Nf1 Bxe3+ 18. Nxe3 a4 19. Rd2 Nc5 20. Rhd1 Rad8 21. Rxd8
Rxd8 22. Rxd8 Kxd8 23. Kd2 Nf8 24. Bd1 b5 25. cxb5 cxb5 26. f3 b4 27. Ncd5 Nh7
28. Nxb4 Kc7 29. Ned5+ Kd6 30. Ke3 f5 31. Nc3 gxf3 32. Bxf3 fxe4 33. Bxh5 Nf6
34. Bd1 Bd7 35. Be2 Be8 36. g4 1-0

[Event "Russian Championship B15 1st league 2016"]
[Site "Loo"]
[Date "2016.04.27"]
[Round "8.50"]
[White "Belov, Kirill"]
[Black "Balashov, Egor"]
[Result "0-1"]
[WhiteElo "1360"]
[BlackElo "1596"]
[PlyCount "80"]
[EventDate "2016.04.20"]

1. e4 e6 2. d4 d5 3. e5 c5 4. c3 Nc6 5. Nf3 Nge7 6. a3 Bd7 7. Be2 cxd4 8. cxd4
Nf5 9. b4 b5 10. O-O a5 11. bxa5 Nxa5 12. Nc3 Nc4 13. Qb3 Qa5 14. Bxc4 bxc4 15.
Qb2 Be7 16. a4 O-O 17. Bd2 Rab8 18. Qc2 Qa8 19. Rfb1 f6 20. g4 Nh6 21. exf6
Rxf6 22. Ne5 Rxb1+ 23. Qxb1 Nxg4 24. Nxd7 Rg6 25. Kf1 Nxh2+ 26. Ke2 Bd6 27. a5
e5 28. Nb5 exd4 29. Nxd4 Qe8+ 30. Be3 Qxd7 31. a6 Qg4+ 32. Kd2 Nf3+ 33. Nxf3
c3+ 34. Kxc3 Qc4+ 35. Kd2 Bb4+ 36. Kd1 Qf1+ 37. Kc2 Rc6+ 38. Kb3 Qc4+ 39. Kb2
Qc3+ 40. Ka2 Qa3# 0-1

[Event "Russian Championship B15 1st league 2016"]
[Site "Loo"]
[Date "2016.04.27"]
[Round "8.51"]
[White "Maslov, Serafim"]
[Black "Shmelev, Mikhail"]
[Result "0-1"]
[WhiteElo "1341"]
[BlackElo "1589"]
[PlyCount "40"]
[EventDate "2016.04.20"]

1. e4 c5 2. Nf3 d6 3. d4 cxd4 4. Nxd4 Nf6 5. Nc3 a6 6. f3 e5 7. Nb3 Be6 8. Be3
Nbd7 9. Bd3 Rc8 10. Qe2 Be7 11. Qf2 Nc5 12. Nxc5 dxc5 13. b3 c4 14. bxc4 Bb4
15. Bd2 Bxc4 16. Qg3 Bxd3 17. Qxe5+ Qe7 18. Qxe7+ Kxe7 19. Nd5+ Nxd5 20. Bxb4+
Nxb4 0-1

[Event "Russian Championship B15 1st league 2016"]
[Site "Loo"]
[Date "2016.04.27"]
[Round "8.53"]
[White "Strelkov, Daniil"]
[Black "Konotop, Daniil"]
[Result "0-1"]
[WhiteElo "1288"]
[BlackElo "1473"]
[PlyCount "58"]
[EventDate "2016.04.20"]

1. d4 d6 2. c4 e5 3. d5 Be7 4. Nc3 Nf6 5. e4 O-O 6. Be2 Ne8 7. f4 exf4 8. Bxf4
Bg5 9. Qd2 Bxf4 10. Qxf4 Qf6 11. Qe3 Qh4+ 12. g3 Qe7 13. Nf3 Nd7 14. O-O Ne5
15. Kg2 Nf6 16. h3 Bd7 17. Nd4 a6 18. Rf2 Rae8 19. Re1 Kh8 20. b4 Ng6 21. Bd3
Ne5 22. h4 Bh3+ 23. Kxh3 Nfg4 24. Qe2 Nxf2+ 25. Qxf2 Nxd3 26. Qe2 Nxe1 27. Qxe1
Qf6 28. Qe3 Re5 29. Nf5 Qxf5+ 0-1

[Event "Russian Championship B15 1st league 2016"]
[Site "Loo"]
[Date "2016.04.27"]
[Round "8.54"]
[White "Volodin, Andrey"]
[Black "Shushakov, Andrey"]
[Result "1/2-1/2"]
[WhiteElo "1410"]
[BlackElo "1550"]
[PlyCount "84"]
[EventDate "2016.04.20"]

1. e4 d5 2. exd5 Qxd5 3. Nc3 Qa5 4. d4 c6 5. Nf3 Nf6 6. Be2 Bf5 7. O-O e6 8.
Nh4 Bd6 9. Nxf5 Qxf5 10. a3 O-O 11. b4 Nd5 12. Nxd5 cxd5 13. Bg4 Qf6 14. Be3
Nc6 15. f4 Rac8 16. Qd3 Ne7 17. c3 Rc7 18. a4 Rfc8 19. Bd2 Qg6 20. Qxg6 hxg6
21. Rfb1 Kh7 22. a5 a6 23. b5 axb5 24. Rxb5 Ra8 25. Rab1 Ra7 26. Kf2 Nc6 27.
Ra1 Rd7 28. a6 bxa6 29. Rb6 Nb8 30. Rab1 a5 31. Rxd6 Rxd6 32. Rxb8 a4 33. Rb2
a3 34. Ra2 Rb6 35. Bc1 Rb1 36. Rxa3 Rxa3 37. Bxa3 Ra1 38. Bb4 Ra2+ 39. Kg3 Rb2
40. Bd1 Rd2 41. Ba4 Ra2 42. Be8 Kg8 1/2-1/2

[Event "Russian Championship B15 1st league 2016"]
[Site "Loo"]
[Date "2016.04.27"]
[Round "8.55"]
[White "Tsarkov, Mikhail"]
[Black "Volchkov, Ivan"]
[Result "1/2-1/2"]
[WhiteElo "1398"]
[BlackElo "1504"]
[PlyCount "103"]
[EventDate "2016.04.20"]

1. e4 c5 2. Nf3 Nc6 3. Bb5 g6 4. O-O Bg7 5. c3 Nf6 6. Re1 O-O 7. d4 cxd4 8.
cxd4 d5 9. e5 Ne8 10. h3 Nc7 11. Bxc6 bxc6 12. Qc2 Bd7 13. Bf4 Ne6 14. Bg3 Qb6
15. Rd1 Rab8 16. b3 Rfc8 17. Nc3 Qb7 18. Na4 c5 19. Nxc5 Qb5 20. Qd2 Nxc5 21.
dxc5 Rxc5 22. Rac1 e6 23. Nd4 Qb6 24. Rxc5 Qxc5 25. Rc1 Qb6 26. a4 Rc8 27.
Rxc8+ Bxc8 28. a5 Qc7 29. Nb5 Qd7 30. Nd6 Bb7 31. Qd4 Qxd6 32. exd6 Bxd4 33. d7
Bf6 34. Bc7 Kf8 35. Bd6+ Kg8 36. Bc7 h5 37. d8=Q+ Bxd8 38. Bxd8 Kf8 39. Bf6 Ke8
40. b4 a6 41. Bd4 Kd7 42. f4 Kc6 43. g3 Kb5 44. Bc5 Kc4 45. Kf2 Kd3 46. h4 d4
47. Ke1 Ke3 48. f5 exf5 49. Bd6 Kd3 50. Bf4 Kc2 51. Bd2 d3 52. Bf4 1/2-1/2

[Event "Russian Championship B15 1st league 2016"]
[Site "Loo"]
[Date "2016.04.27"]
[Round "8.56"]
[White "Titovich, Mihail"]
[Black "Riakhovskii, Mark"]
[Result "0-1"]
[WhiteElo "1466"]
[BlackElo "1360"]
[PlyCount "88"]
[EventDate "2016.04.20"]

1. d4 d5 2. c4 e6 3. Nc3 c5 4. cxd5 exd5 5. e3 Nf6 6. Nf3 Nc6 7. Be2 Be7 8. O-O
O-O 9. h3 a6 10. a3 c4 11. b3 b5 12. b4 Bf5 13. Ne5 Qc7 14. Nxc6 Qxc6 15. Bb2
Ne4 16. Nxe4 Bxe4 17. Bf3 c3 18. Bxe4 cxb2 19. Bxh7+ Kxh7 20. Qb1+ Qg6 21. Qxb2
Rac8 22. Rac1 Qf5 23. Rxc8 Rxc8 24. Rc1 Rxc1+ 25. Qxc1 Bd6 26. Qb2 Qd3 27. Qc1
Qb3 28. g3 Qc4 29. Qb2 Bc7 30. Qb1+ g6 31. Qb2 a5 32. bxa5 Bxa5 33. Kg2 Bc3 34.
Qb1 Qe2 35. Qb3 Qc4 36. Qb1 Qa4 37. h4 b4 38. axb4 Qxb4 39. Qf1 Qc4 40. Qc1
Bxd4 41. Qb1 Bc5 42. Qb7 Kg7 43. Qc6 Bxe3 44. Qe8 Bd4 0-1

[Event "Russian Championship B15 1st league 2016"]
[Site "Loo"]
[Date "2016.04.27"]
[Round "8.57"]
[White "Medvedev, David"]
[Black "Fokeev, Boris"]
[Result "1-0"]
[WhiteElo "1350"]
[BlackElo "1478"]
[PlyCount "71"]
[EventDate "2016.04.20"]

1. c4 Nf6 2. d4 e6 3. Nc3 Bb4 4. Nf3 O-O 5. e3 b6 6. a3 Bxc3+ 7. bxc3 Bb7 8.
Be2 d6 9. O-O Ne4 10. Qc2 Nd7 11. Nd2 f5 12. f3 Nef6 13. a4 a5 14. Ba3 Rc8 15.
Rab1 Re8 16. Rb2 c5 17. Rfb1 cxd4 18. cxd4 Qc7 19. Rc1 Ba6 20. Qb3 e5 21. c5+
Bc4 22. Bxc4+ Kh8 23. cxd6 Qb8 24. d5 Nxd5 25. e4 Nf4 26. Rbc2 fxe4 27. Nxe4
Qa7 28. Bb5 Qb7 29. Rc7 Qb8 30. Bxd7 Ne2+ 31. Kh1 Nxc1 32. Qc2 Rxc7 33. dxc7
Qa8 34. Bxe8 Qxe8 35. c8=Q Qxc8 36. Qxc8# 1-0

[Event "Russian Championship B15 1st league 2016"]
[Site "Loo"]
[Date "2016.04.27"]
[Round "8.58"]
[White "Gozgeshev, Eldar"]
[Black "Nagibin, Danila"]
[Result "1/2-1/2"]
[WhiteElo "1567"]
[BlackElo "1274"]
[PlyCount "75"]
[EventDate "2016.04.20"]

1. c4 Nf6 2. Nc3 e5 3. Nf3 Nc6 4. g3 Bc5 5. Bg2 O-O 6. a3 a6 7. O-O d6 8. b4
Bb6 9. Bb2 Be6 10. d3 Ne7 11. Nd2 c6 12. Nde4 Nxe4 13. Nxe4 f5 14. Ng5 Qd7 15.
Rc1 h6 16. Nxe6 Qxe6 17. d4 e4 18. e3 d5 19. cxd5 Nxd5 20. Qd2 g5 21. Rfe1 h5
22. f3 Rf6 23. fxe4 fxe4 24. Qe2 g4 25. Qc2 Re8 26. Rcd1 Re7 27. Bc1 Re8 28.
Rf1 Kg7 29. Rxf6 Kxf6 30. Rf1+ Kg6 31. Qf2 Bc7 32. Qe2 Kg7 33. Qc2 Bb6 34. Qe2
Bc7 35. Qc2 Bb6 36. Qe2 Bc7 37. Qc2 Bb6 38. Qe2 1/2-1/2